Networks for computer scientists and engineers / (Record no. 193101)
[ view plain ]
| 000 -LEADER | |
|---|---|
| fixed length control field | 00820nam a2200253Ia 4500 |
| 005 - DATE AND TIME OF LATEST TRANSACTION | |
| control field | 20230310111312.0 |
| 008 - FIXED-LENGTH DATA ELEMENTS--GENERAL INFORMATION | |
| fixed length control field | 210716s2012 xx 000 0 und d |
| 020 ## - INTERNATIONAL STANDARD BOOK NUMBER | |
| International Standard Book Number | 9780198084068 |
| 040 ## - CATALOGING SOURCE | |
| Transcribing agency | AIMIT LIBRARY |
| 041 ## - LANGUAGE CODE | |
| Language code of text/sound track or separate title | eng |
| 082 ## - DEWEY DECIMAL CLASSIFICATION NUMBER | |
| Classification number | 004.65 |
| Edition number | 1 |
| Item number | ZHEY |
| 100 ## - MAIN ENTRY--PERSONAL NAME | |
| Personal name | Zheng, Youlu. |
| 9 (RLIN) | 74915 |
| 245 ## - TITLE STATEMENT | |
| Title | Networks for computer scientists and engineers / |
| Statement of responsibility, etc. | By Youlu Zheng and Shakil Akhtar. |
| 250 ## - EDITION STATEMENT | |
| Edition statement | 1st ed. |
| 250 ## - EDITION STATEMENT | |
| Edition statement | Indian edition |
| 260 ## - PUBLICATION, DISTRIBUTION, ETC. | |
| Place of publication, distribution, etc. | New York : |
| Name of publisher, distributor, etc. | Oxford University Press , |
| Date of publication, distribution, etc. | 2012. |
| 300 ## - PHYSICAL DESCRIPTION | |
| Extent | xvi,575p. ; |
| Dimensions | 23 cm. |
| 650 ## - SUBJECT ADDED ENTRY--TOPICAL TERM | |
| Topical term or geographic name entry element | Data communications |
| 9 (RLIN) | 74916 |
| 650 ## - SUBJECT ADDED ENTRY--TOPICAL TERM | |
| Topical term or geographic name entry element | LAN technologies |
| 9 (RLIN) | 74917 |
| 650 ## - SUBJECT ADDED ENTRY--TOPICAL TERM | |
| Topical term or geographic name entry element | TCP/IP and the internet |
| 9 (RLIN) | 74918 |
| 650 ## - SUBJECT ADDED ENTRY--TOPICAL TERM | |
| Topical term or geographic name entry element | Access and high speed networking technologies |
| 9 (RLIN) | 74919 |
| 700 ## - ADDED ENTRY--PERSONAL NAME | |
| Personal name | Akhtar, Shakil |
| 9 (RLIN) | 74920 |
| 942 ## - ADDED ENTRY ELEMENTS (KOHA) | |
| Source of classification or shelving scheme | Dewey Decimal Classification |
| Koha item type | Book |
| Edition | 1st |
| Call number prefix | 004.65 ZHEY |
| Withdrawn status | Lost status | Source of classification or shelving scheme | Damaged status | Not for loan | Collection code | Home library | Current library | Source of acquisition | Cost, normal purchase price | Inventory number | Total Checkouts | Full call number | Barcode | Date last seen | Cost, replacement price | Price effective from | Koha item type |
|---|---|---|---|---|---|---|---|---|---|---|---|---|---|---|---|---|---|
| Dewey Decimal Classification | MCA | St Aloysius Institute of Management & Information Technology | St Aloysius Institute of Management & Information Technology | Sita Book House | 345.00 | Bill no:140; Bill dt:2005-09-02 | 004.65 ZHEY | MCA06832 | 07/21/2025 | 276.00 | 07/16/2021 | Book | |||||
| Dewey Decimal Classification | MCA | St Aloysius Institute of Management & Information Technology | St Aloysius Institute of Management & Information Technology | Sita Book House | 475.00 | Bill no:219; Bill dt:2013-01-15 | 004.65 ZHEY | MCA12608 | 07/21/2025 | 356.25 | 07/16/2021 | Book | |||||
| Dewey Decimal Classification | MCA | St Aloysius Institute of Management & Information Technology | St Aloysius Institute of Management & Information Technology | Sita Book House | 475.00 | Bill no:219; Bill dt:2013-01-15 | 004.65 ZHEY | MCA12609 | 07/21/2025 | 356.25 | 07/16/2021 | Book | |||||
| Dewey Decimal Classification | MCA | St Aloysius Institute of Management & Information Technology | St Aloysius Institute of Management & Information Technology | Sita Book House | 475.00 | Bill no:219; Bill dt:2013-01-15 | 004.65 ZHEY | MCA12610 | 07/21/2025 | 356.25 | 07/16/2021 | Book | |||||
| Dewey Decimal Classification | Reference Book | MCA | St Aloysius Institute of Management & Information Technology | St Aloysius Institute of Management & Information Technology | Sita Book House | 475.00 | Bill no:219; Bill dt:2013-01-15 | 004.65 ZHEY | MCA12611 | 07/21/2025 | 356.25 | 07/16/2021 | Book | ||||
| Dewey Decimal Classification | MCA | St Aloysius Institute of Management & Information Technology | St Aloysius Institute of Management & Information Technology | Sita Book House | 475.00 | Bill no:219; Bill dt:2013-01-15 | 004.65 ZHEY | MCA12612 | 07/21/2025 | 356.25 | 07/16/2021 | Book | |||||
| Dewey Decimal Classification | MCA | St Aloysius Institute of Management & Information Technology | St Aloysius Institute of Management & Information Technology | Sita Book House | 475.00 | Bill no:219; Bill dt:2013-01-15 | 004.65 ZHEY | MCA12613 | 07/21/2025 | 356.25 | 07/16/2021 | Book | |||||
| Dewey Decimal Classification | MCA | St Aloysius Institute of Management & Information Technology | St Aloysius Institute of Management & Information Technology | Higginbothams Pvt Ltd | 475.00 | Bill no:1492; Bill dt:2014-03-15 | 004.65 ZHEY | MCA13432 | 07/21/2025 | 356.25 | 07/16/2021 | Book |